000 00854nam a2200265 i 4500
003 DO-SdBNP
005 20250918101022.0
007 ta
008 250918b2007 dr ||||| |||| 00| 0 spa d
020 _a9789945851854
040 _aDO-SdBNP
_bspa
_cBNPHU
_erda
041 _aspa
082 4 _axxx
_bxxx
_222
100 _aBátiz, Martha,
_eautor
_4aut.
_988637
245 1 0 _aBoca de lobo :
_bnovela corta a dos voces y un cuaderno /
_cMartha Bátiz ; edición, Vivian Lechuga
264 1 _aSanto Domingo :
_bCasa de Teatro,
_c©2007.
336 _atexto
_btxt
_2rdacontent
337 _asin mediación
_bn
_2rdamedia
338 _avolumen
_bnc
_2rdacarrier
500 _aIncluye datos biográficos del autor en las solapas
590 _aInventariado, 2025/BT
700 1 _aLechuga, Vivian,
_eeditor
_4ed.
_910977
910 _aBtavárez
942 _2ddc
_cLBS1
999 _c59888
_d59888